| 000 | 01029nam a22002537a 4500 | ||
|---|---|---|---|
| 003 | CBULib | ||
| 005 | 20240603080722.0 | ||
| 008 | 230705b |||||||| |||| 00| 0 eng d | ||
| 040 |
_aCBUlib _cCBULib _bEnglish _erda |
||
| 041 | _aeng | ||
| 099 | _aUNCTAD(058)TIRO/2023 | ||
| 110 | _a United Nations Conference in Trade and Development (UNCTAD) | ||
| 245 |
_aTechnology and innovation report 2023 : opening green windows technological opportunities for a low-carbon world : overview _c/ by United Nations Conference in Trade and Development (UNCTAD) |
||
| 260 |
_aGeneva : _bUnited Nations, _c2023 |
||
| 300 | _a19 pages : illustrations | ||
| 336 |
_2rdacontent _aText | _btxt |
||
| 337 |
_2rdamedia _aUnmediated | _bn |
||
| 338 |
_2rdacarrier _aVolume _bnc |
||
| 610 | _aUNITED NATIONS CONFERENCE ON TRADE AND DEVELOPMENT(UNCTAD) | ||
| 650 | _aTECHNOLOGICAL INNOVATION--DEVELOPING COUNTRIES | ||
| 650 | _aTECHNOLOGICAL INNOVATIONS--ENVIRONMENTAL ASPECTS | ||
| 650 | _aENVIRONMENTAL MANAGEMENT | ||
| 942 |
_c029 _2mc |
||
| 999 |
_c80758 _d80758 |
||